[Event "Denker High School-ch"]
[Site "USA"]
[Date "2003.08.05"]
[Round "3"]
[White "Seidler, Kevin"]
[Black "Nordanyan, Minas"]
[Result "0-1"]
[WhiteElo "1810"]
[BlackElo "2206"]
[PlyCount "56"]
[EventDate "2003.08.??"]
[EventType "swiss"]
[EventRounds "6"]
[EventCountry "USA"]
[SourceTitle "EXT 2005"]
[Source "ChessBase"]
[SourceDate "2004.11.15"]
[SourceVersion "1"]
[SourceVersionDate "2004.11.15"]
[SourceQuality "1"]

1. e4 c5 2. Nc3 e6 3. f4 Nc6 4. Nf3 a6 5. g3 g6 6. d3 Bg7 7. Bg2 d6 8. 0-0 Nge7 9. Be3 0-0 10. d4 cxd4 11. Nxd4 Qb6 12. Na4 Bxd4 13. Nxb6 Bxe3+ 14. Kh1 Bxb6 15. c3 d5 16. Qb3 Ba7 17. Rad1 b5 18. g4 dxe4 19. Bxe4 Nd5 20. Bxd5 exd5 21. f5 Bb7 22. Qc2 d4 23. Qg2 Rab8 24. fxg6 Ne5 25. gxh7+ Kxh7 26. Qxb7 Rxb7 27. Rf5 Nxg4 28. Rg1 Nh6 0-1